Osborne 4 and 8-bit microprocessor handbook (Record no. 9764)

000 -LEADER
fixed length control field 00749 a2200217 4500
020 ## - INTERNATIONAL STANDARD BOOK NUMBER
International Standard Book Number 093198842X
040 ## - CATALOGING SOURCE
Original cataloging agency DLC
Language of cataloging DLC
082 00 - DEWEY DECIMAL CLASSIFICATION NUMBER
Classification number 621.3819583
100 1# - MAIN ENTRY--PERSONAL NAME
Personal name Osborne, Adam.
245 10 - TITLE STATEMENT
Title Osborne 4 and 8-bit microprocessor handbook
Statement of responsibility, etc. Adam Osborne, Gerry Kane.
260 ## - PUBLICATION, DISTRIBUTION, ETC.
Place of publication, distribution, etc. Berkeley, Calif. :
Name of publisher, distributor, etc. Osborne/McGraw-Hill,
Date of publication, distribution, etc. c1981.
300 ## - PHYSICAL DESCRIPTION
Extent 1 v. (various pagings) :
Other physical details ill. ;
Dimensions 24 cm.
440 #0 - SERIES STATEMENT/ADDED ENTRY--TITLE
Title Osborne/McGraw-Hill microprocessor handbook series
500 ## - GENERAL NOTE
General note Includes index.
650 #0 - SUBJECT ADDED ENTRY--TOPICAL TERM
Topical term or geographic name entry element Microprocessors
General subdivision Handbooks, manuals, etc.
700 1# - ADDED ENTRY--PERSONAL NAME
Personal name Kane, Gerry,
Dates associated with a name 1942-
700 1# - ADDED ENTRY--PERSONAL NAME
Personal name Osborne, Adam.
740 0# - ADDED ENTRY--UNCONTROLLED RELATED/ANALYTICAL TITLE
Uncontrolled related/analytical title 4 & 8-bit microprocessor handbook.
740 0# - ADDED ENTRY--UNCONTROLLED RELATED/ANALYTICAL TITLE
Uncontrolled related/analytical title Four and eight-bit microprocessor handbook.
942 ## - ADDED ENTRY ELEMENTS (KOHA)
Koha item type Book
Call number prefix 621.3819583 OSB
Source of classification or shelving scheme
Holdings
Withdrawn status Lost status Damaged status Not for loan Collection code Permanent Location Current Location Shelving location Date acquired Source of acquisition Cost, normal purchase price Total Checkouts Full call number Barcode Date last seen Price effective from Koha item type
          Central Library (CL) Central Library (CL) General Stacks 11/07/2009 Donation 0.00   621.3819583 OSB SEECS009824 11/14/2012 01/05/2017 Book
© 2023 Central Library, National University of Sciences and Technology. All Rights Reserved.